Mago: (Record no. 351)

MARC details
000 -LÍDER
campo de controle de tamanho fixo 01792nam a2200337 4500
001 - NÚMERO DE CONTROLE
campo de controle 351
003 - IDENTIFICADOR DO NÚMERO DE CONTROLE
campo de controle OSt
005 - DATA E HORÁRIO DA ÚLTIMA TRANSAÇÃO
campo de controle 20250528074018.0
008 - CAMPO DE DADOS FIXOS--INFORMAÇÃO GERAL
campo de controle de tamanho fixo 250401b |||||||g |||| 00| 1 eng d
020 ## - ISBN - INTERNATIONAL STANDARD BOOK NUMBER
ISBN - International Standard Book Number 9788580415537
040 ## - FONTE DA CATALOGAÇÃO
Idioma da catalogação por
041 ## - CÓDIGO DE IDIOMA
Código do idioma do original e/ou traduções intermediárias do texto eng
Código do idioma do texto/trilha sonora ou título diferente por
082 ## - CDD - CLASSIFICAÇÃO DECIMAL DE DEWEY
Número de Classificação 813
Número do exemplar F299m
100 ## - ENTRADA PRINCIPAL--NOME PESSOAL
Nome pessoal Feist, Raymond E.
Datas associadas ao nome 1945-
9 (RLIN) 441
240 ## - TÍTULO UNIFORME
Título uniforme Magician: Darkness at Sethanon
245 ## - TÍTULO
Título Mago:
Restante do título As trevas de Sethanon /
Indicação de responsabilidade, etc. Feist, Raymond E. ; Tradução de Rui Azevedo e José Remelhe
260 ## - PUBLICAÇÃO, DISTRIBUIÇÃO, ETC.
Local de publicação, distribuição, etc. São Paulo
Nome do editor, distribuidor, etc. Arqueiro
Data da publicação, distribuição, etc. 2016
300 ## - DESCRIÇÃO FÍSICA
Extensão 462 p.
490 1# - TÍTULO DA SÉRIE
Título da série A saga do Mago
Número do volume ou designação sequencial da série Livro 04
520 ## - NOTA DE RESUMO, ETC.
Resumo, etc. Ventos malignos sopram sobre Midkemia. As legiões negras ergueram-se para esmagar o Reino das Ilhas e escravizá-lo com o terrível poder de sua magia. A batalha final entre a Ordem e o Caos está prestes a começar nas ruínas de uma cidade chamada Sethanon. Agora Pug, o mestre conhecido por Milamber, terá à sua frente a incrível e perigosa missão de viajar até a aurora do tempo e lidar com um antigo e temível inimigo. O destino de mil mundos dependerá apenas dele. Enquanto o Príncipe Arutha e os seus companheiros reúnem as suas hostes para a batalha final contra um misterioso demônio ancestral, o temido necromante Macros, o Negro, libertou mais uma vez a sua magia negra. O destino de dois mundos será decidido numa luta colossal sob as muralhas de Sethanon, quando são restaurados os laços entre Kelewan e Midkemia.
650 #0 - ASSUNTO--TERMO TÓPICO
Cabeçalho tópico ou nome geográfico Literatura Americana
9 (RLIN) 84
650 #0 - ASSUNTO--TERMO TÓPICO
Cabeçalho tópico ou nome geográfico Fantasia
9 (RLIN) 45
650 #0 - ASSUNTO--TERMO TÓPICO
Cabeçalho tópico ou nome geográfico Aventura
9 (RLIN) 47
650 #0 - ASSUNTO--TERMO TÓPICO
Cabeçalho tópico ou nome geográfico Seres mágicos
9 (RLIN) 46
655 #0 - TERMO DE ÍNDICE--GÊNERO E FORMA
Gênero/forma/ou termo foco Romance
655 #0 - TERMO DE ÍNDICE--GÊNERO E FORMA
Gênero/forma/ou termo foco Ficção
700 ## - ENTRADA ADICIONADA - NOME PESSOAL
Nome pessoal Rui Azevedo
Função do autor por extenso Tradução
9 (RLIN) 730
700 ## - ENTRADA ADICIONADA - NOME PESSOAL
Nome pessoal José Remelhe
Função do autor por extenso Tradução
9 (RLIN) 731
830 ## - ENTRADA SECUNDÁRIA DE SÉRIE--TÍTULO UNIFORME
Título uniforme A saga do Mago
Número do volume ou designação sequencial da série Livro 04
9 (RLIN) 443
942 ## - ELEMENTOS DE ENTRADA ADICIONADOS (KOHA)
Fonte de classificação ou esquema de arquivamento Classificação decimal de Dewey
Ocultar no OPAC Não
Tipo de material Koha Livros
Holdings
Situação do descarte Situação das perdas Fonte de classificação ou esquema de arquivamento Status danificado Não pode ser emprestado Coleção Biblioteca de origem Biblioteca atual Localização na estante Data de aquisição Fonte de aquisição Total de empréstimos Número de chamada completo Código de barras Data de último acesso Data do preço efetivo Tipo de material Koha
    Classificação decimal de Dewey     Ficção Biblioteca Professor Eduardo Afonso de Castro Biblioteca Professor Eduardo Afonso de Castro Literatura Estrangeira 14.03.2022 doação   813 / F299m 2025-16372 01.04.2025 01.04.2025 Livros

Powered by Koha